Agricultural Knowledge at a Glance (Record no. 14668)
[ view plain ]
| 000 -LEADER | |
|---|---|
| fixed length control field | 00421nam a22001577a 4500 |
| 020 ## - INTERNATIONAL STANDARD BOOK NUMBER | |
| ISBN | 9788170358190 |
| 082 ## - DEWEY DECIMAL CLASSIFICATION NUMBER | |
| Classification number | 630 |
| Item number | CHA/AG |
| 245 ## - TITLE STATEMENT | |
| Title | Agricultural Knowledge at a Glance |
| 250 ## - EDITION STATEMENT | |
| Edition statement | 3 rd Rev & Enl |
| 260 ## - PUBLICATION, DISTRIBUTION, ETC. (IMPRINT) | |
| Place of publication | New Delhi |
| Name of publisher | Daya Publishing House- Astral International (P) Ltd |
| Year of publication | 2013 |
| 300 ## - PHYSICAL DESCRIPTION | |
| Number of Pages | 396 |
| 700 ## - ADDED ENTRY--PERSONAL NAME | |
| Personal name | Chavan U.D. |
| 700 ## - ADDED ENTRY--PERSONAL NAME | |
| Personal name | Chavan K.D. |
| 700 ## - ADDED ENTRY--PERSONAL NAME | |
| Personal name | Bhoite U.Y. |
| 942 ## - ADDED ENTRY ELEMENTS (KOHA) | |
| Koha item type | Books |
| Withdrawn status | Lost status | Damaged status | Collection code | Home library | Current library | Shelving location | Date acquired | Source of acquisition | Cost, normal purchase price | Full call number | Accession Number | Koha item type |
|---|---|---|---|---|---|---|---|---|---|---|---|---|
| KAUAET | KAUAET | General Stacks | 25/07/2016 | Southern Book Star, Tvm. | 400.00 | 630 CHA/AG | 24515 | Books |
